1139 1377 1425 1332 1519 1064 1756 1543 1825 1659 1800 1543 1867 1427 1962 1270 1615 1941 1064 1005 1120 1017 1105 1924 1910 1724 1911 1145 1550 1070 1343 1612 1990 1999 1825 1637 1073 1821 1216 1109 1326 1834 1100 1014 1552 1161 1426 1853 1325 1469 1856 1095 1761 1108 1659 1101 1051 1221 1915 1801 1320 1361 1735 1161 1064 1210 1736 1849 1221 1472 1175 1866 1508 1377 1323 1889 1139 1389 1462 1934 1179 1447 1450 1411 1254 1551 1456 1655 1503 1387 1209 1469 1525 1221 1408 1514 1299 1503 1258 BCNSPRNW ULIB Ver.6.0+V

เปลี่ยนเป็นภาษาไทย

Change to English
 แสดงรายละเอียดบรรณานุกรม
  กลับหน้าหลัก

Brief Record : Get Marc (ISO 2709) : E-mail record : QR code < ปิดหน้าต่าง
LEADER : 00000nam 2200000uu 4500
001    13399114558
003     ULIB
008    110627s2549||||th 000 0 tha d
020    9789749987049
090    นว.^bน111
100 0  Sunshine
245 00  เนฟเวอร์ นัม = Never numb ภาค Sky brade /^cSunshine
250    พิมพ์ครั้งที่ 1
260    กรุงเทพฯ :^bกู๊ดมอร์นิ่ง,^c2549
300    400 หน้า
710 1  กู๊ดมอร์นิ่ง
945    ^p299^l0^i021001
995    ทศพร
999 ^a ใช้งานได้ทุกระบบ
รายการนี้ยังไม่มีแท็ก
คุณยังไม่ได้ล็อกอิน คุณสามารถมีกิจกรรมร่วมกับเว็บไซต์ได้ แต่ต้องล็อกอินก่อน ::
  ล็อกอิน

รายการสื่อสารสนเทศ

ลำดับที่ ประเภท เลขเรียก/บาร์โค้ด สถานที่ สถานะ
1. นวนิยาย
นวนิยาย
นว. น111 ฉ.1 
  Barcode: 021001
ห้องสมุดวิทยาเขตสวรรค์ประชารักษ์
►นวนิยาย
บนชั้น
  ขอยืม

รายการใกล้เคียง
    ผู้แต่ง [Sunshine]

BibComment


ยังไม่เคยถูกคอมเมนท์

คอมเมนท์ทรัพยากรรายการนี้
  คอมเมนท์: เนฟเวอร์ นัม Ne..


 Copyright 2026. Bcnsprnw @Library